000 00339nam a2200157Ia 4500
100 _aLyons/S.L
650 _aElectrical Engineering
942 _cRB
654 _aDomestic Lighting
245 _aDomestic Lighting
260 _bButtersworth
_aLondon
_c1981
082 _a621.3
_bLyo
300 _a90
546 _aENGLISH
999 _c27800
_d27800